Laddar...

Marxism, pluralism and beyond : classic debates and new departures /

Bibliografiska uppgifter
Huvudupphovsman: Mclennan, Gregor
Materialtyp: Printed Book
Publicerad: Cambridge : Polity press, 1989.
Ämnen:
LEADER 00525nam a22001457a 4500
020 |a 0745603505 
082 |a 306.2092  |b MCL.M 
100 |a Mclennan, Gregor. 
245 |a Marxism, pluralism and beyond :  |b classic debates and new departures /  |c by Gregor Mclennan. 
260 |a Cambridge :  |b Polity press,  |c 1989. 
300 |a 304 p. 
650 |a Marxism 
942 |c BK 
999 |c 304202  |d 304202 
952 |0 0  |1 0  |4 0  |6 306_209200000000000_MCL_M  |7 0  |8 NFIC  |9 324901  |a POL  |b POL  |c GEN  |d 2020-10-16  |l 0  |o 306.2092 MCL.M  |p POL15261  |r 2020-10-16  |w 2020-10-16  |y BK